| 000 | 00475nam a2200133 4500 | ||
|---|---|---|---|
| 999 |
_c13981 _d13981 |
||
| 008 | 190724b ||||| |||| 00| 0 eng d | ||
| 082 | _aDPer 050 T48 Apr-June 2016 v. 187 n. 12-24 | ||
| 100 |
_aCastro, Julian. _938916 |
||
| 245 |
_aDiana Natalicio: _bUniversity change agent/ _cJulian Castro. |
||
| 260 |
_aHong Kong _bTime Asia, _cc2016. |
||
| 300 |
_av187 n16-17, page 82: _billustrations; _c27 cm. |
||
| 650 |
_aColleges and universities _xEducator. _938917 |
||
| 942 |
_2ddc _cPER |
||